Psychological Perspectives of Education/ (Record no. 207697)

MARC details
000 -LEADER
fixed length control field 00611nam a22001937a 4500
005 - DATE AND TIME OF LATEST TRANSACTION
control field 20241213150923.0
010 ## - LCCN (DPL NO)
LC control number ENG- 143051
020 ## - INTERNATIONAL STANDARD BOOK NUMBER
Terms of availability 899.00
International Standard Book Number 9789392568510
035 ## - SYSTEM CONTROL NUMBER
System control number EN-126586
037 ## - SOURCE OF ACQUISITION
Source of stock number/acquisition DBAD
082 ## - DEWEY DECIMAL CLASSIFICATION NUMBER
Classification number 370.15
245 ## - TITLE STATEMENT
Title Psychological Perspectives of Education/
Statement of responsibility, etc edited by Divya Sharma
250 ## - EDITION STATEMENT
Edition statement First
260 ## - PUBLICATION, DISTRIBUTION, ETC. (IMPRINT)
Place of publication, distribution, etc Chhattisgarh
Name of publisher, distributor, etc Aditi Publication
Date of publication, distribution, etc 2023
270 ## - ADDRESS
City Chhattisgarh
Telephone number 9425210308
Address Opp. New Panchajanya Vidya Mandir, Near Tiranga Chowk, Kushalpur, Raipur
300 ## - PHYSICAL DESCRIPTION
Extent 379p.
Dimensions 21cm(pbk)
700 ## - ADDED ENTRY--PERSONAL NAME
9 (RLIN) 75124
942 ## - ADDED ENTRY ELEMENTS (KOHA)
Source of classification or shelving scheme Dewey Decimal Classification
Item type English Books
Classification part 370.15
Call number suffix PSY
Edition 1
Holdings
Withdrawn status Lost status Not for loan Collection code Home library Current library Date acquired Source of acquisition Cost, normal purchase price Full call number Barcode Copy number Cost, replacement price Koha item type
      Non-fiction Sarojini Nagar Sarojini Nagar 13/12/2024 DBAD 899.00 370.15 PSY EN-126583 1 899.00 English Books

© Delhi Public Library
Hit Counter
free hit counter